|
|
|
|
| LEADER |
00000naa2a2200000 4500 |
| 001 |
420222 |
| 005 |
20231101073336.0 |
| 035 |
|
|
|a (RuTPU)RU\TPU\prd\77717
|
| 035 |
|
|
|a RU\TPU\prd\34640
|
| 090 |
|
|
|a 420222
|
| 100 |
|
|
|a 20100302a2004 k y0rusy50 ca
|
| 101 |
0 |
|
|a rus
|
| 102 |
|
|
|a RU
|
| 200 |
1 |
|
|a Смещение волнового пучка при отражении от плоского экрана в изотропной киральной среде
|f В. В. Фисанов
|
| 225 |
1 |
|
|a Физика магнитных явлений
|
| 320 |
|
|
|a Библиогр.: 16 назв.
|
| 461 |
|
1 |
|0 (RuTPU)RU\TPU\prd\191
|x 0021-3411
|t Известия вузов. Физика
|f Министерство общего и профессионального образования Российской Федерации ; Томский Госуниверситет
|d 1958-
|
| 463 |
|
1 |
|0 (RuTPU)RU\TPU\prd\77714
|t Т. 47, № 12
|v с. 11-15
|d 2004
|
| 610 |
1 |
|
|a волновые пучки
|
| 610 |
1 |
|
|a отражение
|
| 610 |
1 |
|
|a круговая поляризация
|
| 610 |
1 |
|
|a плоский экран
|
| 610 |
1 |
|
|a изотропная киральная среда
|
| 610 |
1 |
|
|a смещение
|
| 610 |
1 |
|
|a модифицированный энергетический метод
|
| 675 |
|
|
|a 537.874.2:535.56
|v 3
|
| 700 |
|
1 |
|a Фисанов
|b В. В.
|
| 801 |
|
1 |
|a RU
|b 63413507
|c 20050406
|g PSBO
|
| 801 |
|
2 |
|a RU
|b 63413507
|c 20101109
|g RCR
|
| 942 |
|
|
|c BK
|